000 00301nam a2200097Ia 4500
008 220204s9999 xx 000 0 und d
082 _a581.1(031)
_bENC.12A
245 0 _aEncyclopedia of plant physiology. New Series. V 12A. Physiological plant ecology I
260 _aBerlin
_bSpringer
_c1981
942 _cBK
999 _c36644
_d36644